Legislating for animal instincts (Record no. 107490)

MARC details
000 -LEADER
fixed length control field 01527cai a22003015a 4500
001 - CONTROL NUMBER
control field L140355
008 - FIXED-LENGTH DATA ELEMENTS--GENERAL INFORMATION
fixed length control field 070919e20070417xxk f 100 0 eng d
035 ## - SYSTEM CONTROL NUMBER
System control number (Sirsi) u140355
041 0# - LANGUAGE CODE
Language code of text/sound track or separate title eng
050 04 - LIBRARY OF CONGRESS CALL NUMBER
Classification number 346.420323 $2 22
111 2# - MAIN ENTRY--MEETING NAME
Meeting name or jurisdiction name as entry element Roots Rural Research Conference 2007
Location of meeting RICS, London
Date of meeting or treaty signing 17 April 2007
245 00 - TITLE STATEMENT
Title Legislating for animal instincts
Remainder of title a comparative study of liability for personal injury involving equines in England and the USA
-- with reference to the effects on commercial land use and farm diversification
Medium [electronic resource]
260 ## - PUBLICATION, DISTRIBUTION, ETC.
Place of publication, distribution, etc. London
Name of publisher, distributor, etc. RICS
Date of publication, distribution, etc. 2007
520 ## - SUMMARY, ETC.
Summary, etc. Studies the liability of UK land owners and occupiers with reference to a comparable legal system (the USA ). Aims to establish if the existing law, and the level of liability it ascribes, operates to the detriment of farm diversification plans and business sustainability.
590 ## - LOCAL NOTE (RLIN)
Local note ka
650 24 - SUBJECT ADDED ENTRY--TOPICAL TERM
Topical term or geographic name entry element ANIMALS ACT 1971
650 24 - SUBJECT ADDED ENTRY--TOPICAL TERM
Topical term or geographic name entry element COUNTRYSIDE AND RIGHTS OF WAY ACT 2000
650 24 - SUBJECT ADDED ENTRY--TOPICAL TERM
Topical term or geographic name entry element COUNTRYSIDE (DEDICATION OF LAND) ENGLAND) REGULATIONS 2003
650 24 - SUBJECT ADDED ENTRY--TOPICAL TERM
Topical term or geographic name entry element DISABILITY DISCRIMINATION ACT 1995
650 24 - SUBJECT ADDED ENTRY--TOPICAL TERM
Topical term or geographic name entry element HIGHWAYS ACT 1980
650 24 - SUBJECT ADDED ENTRY--TOPICAL TERM
Topical term or geographic name entry element OCCUPIERS LIABILITY ACT 1957
650 24 - SUBJECT ADDED ENTRY--TOPICAL TERM
Topical term or geographic name entry element OCCUPIERS LIABILITY ACT 1984
650 24 - SUBJECT ADDED ENTRY--TOPICAL TERM
Topical term or geographic name entry element COUNTRYSIDE (DEDICATION OF LAND) ENGLAND) REGULATIONS 2003
651 #4 - SUBJECT ADDED ENTRY--GEOGRAPHIC NAME
Geographic name England and Wales
Chronological subdivision 1543-
700 1# - ADDED ENTRY--PERSONAL NAME
Personal name de Silva, Carrie
856 48 - ELECTRONIC LOCATION AND ACCESS
Uniform Resource Identifier <a href="https://www.rics.org/site/scripts/download_info.aspx?fileID=3558">https://www.rics.org/site/scripts/download_info.aspx?fileID=3558</a>
Public note View this article free of charge at www.rics.org...
942 ## - ADDED ENTRY ELEMENTS (KOHA)
Suppress in OPAC 0
Holdings
Withdrawn status Lost status Source of classification or shelving scheme Damaged status Not for loan Home library Current library Shelving location Date acquired Total Checkouts Full call number Barcode Date last seen Copy number Price effective from Koha item type
    Dewey Decimal Classification     Virtual Virtual Online 19/09/2007   ONLINE PUBLICATION 140355-2001 06/08/2019 1 06/08/2019 Book